[Event "Belgrade Serbia op"]
[Site "Belgrade"]
[Date "2021.07.06"]
[Round "6"]
[White "Zakic, Srdjan"]
[Black "Arsenovic, Milos"]
[Result "1-0"]
[WhiteElo "2324"]
[BlackElo "2181"]
[PlyCount "51"]
[EventDate "2021.07.02"]
[EventType "swiss"]
[EventRounds "9"]
[EventCountry "SRB"]
[SourceTitle "CBM 203 Extra"]
[Source "ChessBase"]
[SourceDate "2021.09.30"]
[SourceVersion "1"]
[SourceVersionDate "2021.09.30"]
[SourceQuality "1"]

1. e4 c6 2. d4 d5 3. e5 Bf5 4. Nd2 e6 5. Nb3 Nd7 6. Nf3 a6 7. Bg5 f6 8. exf6 gxf6 9. Bh4 Ne7 10. Bd3 Bxd3 11. Qxd3 Ng6 12. 0-0-0 Kf7 13. Rhe1 Bd6 14. g3 a5 15. Kb1 Qc7 16. Re2 Rhe8 17. Rde1 a4 18. Nbd2 c5 19. c4 Nb6 20. cxd5 Nxd5 21. dxc5 Bxc5 22. Ne4 Ra6 23. Bxf6 Nxf6 24. Nfg5+ Kg7 25. Qc3 Rc6 26. Nxf6 1-0

[Event "Belgrade Serbia op"]
[Site "Belgrade"]
[Date "2021.07.03"]
[Round "3"]
[White "Mijatovic, Dusan"]
[Black "Zakic, Srdjan"]
[Result "1-0"]
[WhiteElo "2202"]
[BlackElo "2324"]
[PlyCount "67"]
[EventDate "2021.07.02"]
[EventType "swiss"]
[EventRounds "9"]
[EventCountry "SRB"]
[SourceTitle "CBM 203 Extra"]
[Source "ChessBase"]
[SourceDate "2021.09.30"]
[SourceVersion "1"]
[SourceVersionDate "2021.09.30"]
[SourceQuality "1"]

1. e4 c5 2. Nf3 Nc6 3. Bb5 g6 4. Bxc6 bxc6 5. 0-0 Bg7 6. Re1 Rb8 7. e5 f6 8. d4 cxd4 9. Bf4 Rxb2 10. Qxd4 Qb6 11. Qd2 Qb4 12. Nc3 Rxc2 13. Qxc2 Qxf4 14. Nd5 Qf5 15. Qc5 fxe5 16. Nc7+ Kf7 17. Nxe5+ Bxe5 18. Rxe5 Qf4 19. Rae1 d6 20. Qxc6 dxe5 21. Qe8+ Kg7 22. Qxc8 Qf5 23. Ne6+ Kf7 24. Nd8+ Kg7 25. Qc7 Kf6 26. Qc6+ Kg7 27. Qc5 e4 28. Qxa7 Qd5 29. Qc7 Qd2 30. Qe5+ Nf6 31. Qxe7+ Kh6 32. Nf7+ Kh5 33. Qe5+ g5 34. Rf1 1-0

[Event "Belgrade Serbia op"]
[Site "Belgrade"]
[Date "2021.07.03"]
[Round "2"]
[White "Zakic, Srdjan"]
[Black "Kostov, Deyan Samuil"]
[Result "1/2-1/2"]
[WhiteElo "2324"]
[BlackElo "2215"]
[PlyCount "90"]
[EventDate "2021.07.02"]
[EventType "swiss"]
[EventRounds "9"]
[EventCountry "SRB"]
[SourceTitle "CBM 203 Extra"]
[Source "ChessBase"]
[SourceDate "2021.09.30"]
[SourceVersion "1"]
[SourceVersionDate "2021.09.30"]
[SourceQuality "1"]

1. e4 c5 2. Nf3 d6 3. Bb5+ Bd7 4. Bxd7+ Qxd7 5. 0-0 Nc6 6. c3 Nf6 7. Re1 e6 8. d4 cxd4 9. cxd4 d5 10. e5 Ne4 11. Nbd2 Nxd2 12. Bxd2 Be7 13. Rc1 a5 14. a3 a4 15. Rc3 Na5 16. Ng5 h6 17. Nh3 Nc4 18. Bc1 b5 19. Rg3 g6 20. Nf4 Rc8 21. Qd3 Bg5 22. Qf3 Bxf4 23. Qxf4 Qe7 24. h4 b4 25. Qg4 h5 26. Qd1 b3 27. Bg5 Qa7 28. Re2 Kd7 29. Rf3 Kc6 30. Rf4 Rc7 31. Qd3 Kb7 32. Kh2 Ka8 33. Rf6 Rhc8 34. Rf4 Qb7 35. Rf6 Qb5 36. Rf3 Rb8 37. Qc3 Nxe5 38. Qxc7 Nxf3+ 39. gxf3 Qxe2 40. Qc6+ Ka7 41. Qc5+ Rb6 42. Qc7+ Ka6 43. Qc8+ Kb5 44. Qc5+ Ka6 45. Qc8+ Kb5 1/2-1/2

[Event "SRB-ch sf"]
[Site "Novi Banovci"]
[Date "2020.03.01"]
[Round "9"]
[White "Zakic, Srdjan"]
[Black "Sredojevic, Ivan"]
[Result "1/2-1/2"]
[WhiteElo "2335"]
[BlackElo "2218"]
[PlyCount "79"]
[EventDate "2020.02.24"]
[EventType "swiss"]
[EventRounds "9"]
[EventCountry "SRB"]
[SourceTitle "CBM 195 Extra"]
[Source "ChessBase"]
[SourceDate "2020.05.31"]
[SourceVersion "1"]
[SourceVersionDate "2020.05.31"]
[SourceQuality "1"]

1. e4 d6 2. d4 Nf6 3. Nc3 e5 4. Nge2 Nbd7 5. Ng3 g6 6. dxe5 dxe5 7. h4 h5 8. Bg5 Be7 9. Qf3 c6 10. 0-0-0 Ng4 11. Bxe7 Qxe7 12. Bc4 0-0 13. Qe2 Qf6 14. Rd2 b5 15. Bb3 Nc5 16. f3 Qf4 17. Nf1 Nh6 18. g3 Qf6 19. Ne3 a5 20. g4 hxg4 21. fxg4 Qf4 22. Rf1 Qg3 23. Nf5 gxf5 24. gxf5 Kh7 25. Rd6 a4 26. Bd5 b4 27. Bxc6 bxc3 28. Bxa8 Ba6 29. Rxa6 Nxa6 30. Qxa6 Rb8 31. b3 Qe3+ 32. Kb1 axb3 33. axb3 Rxb3+ 34. cxb3 Qd2 35. Qa2 Qd3+ 36. Qc2 Qxf1+ 37. Qc1 Qd3+ 38. Qc2 Qf1+ 39. Qc1 Qd3+ 40. Qc2 1/2-1/2

[Event "SRB-ch sf"]
[Site "Novi Banovci"]
[Date "2020.02.27"]
[Round "5"]
[White "Zakic, Srdjan"]
[Black "Tadic, Stefan"]
[Result "1-0"]
[WhiteElo "2335"]
[BlackElo "2106"]
[PlyCount "69"]
[EventDate "2020.02.24"]
[EventType "swiss"]
[EventRounds "9"]
[EventCountry "SRB"]
[SourceTitle "CBM 195 Extra"]
[Source "ChessBase"]
[SourceDate "2020.05.31"]
[SourceVersion "1"]
[SourceVersionDate "2020.05.31"]
[SourceQuality "1"]

1. e4 c5 2. Nf3 Nc6 3. Bb5 g6 4. 0-0 Bg7 5. c3 e5 6. d4 exd4 7. cxd4 Nxd4 8. Nxd4 Bxd4 9. e5 Ne7 10. Bg5 0-0 11. Re1 f6 12. Bc4+ Kg7 13. Bxf6+ Rxf6 14. exf6+ Bxf6 15. Nc3 Bxc3 16. bxc3 d5 17. Qe2 Nc6 18. Rad1 d4 19. Bb5 Bf5 20. Bxc6 bxc6 21. cxd4 cxd4 22. Qe5+ Qf6 23. Qxf6+ Kxf6 24. Rxd4 Rc8 25. g4 Bc2 26. f4 c5 27. Rd6+ Kf7 28. Rd7+ Kg8 29. Ree7 h5 30. Rg7+ Kh8 31. Rh7+ Kg8 32. Rdg7+ Kf8 33. Rxa7 Kg8 34. Rag7+ Kf8 35. Rh8+ 1-0

[Event "SRB-ch sf"]
[Site "Novi Banovci"]
[Date "2020.02.25"]
[Round "3"]
[White "Zakic, Srdjan"]
[Black "Kovacevic, Dragan"]
[Result "1-0"]
[WhiteElo "2335"]
[BlackElo "2230"]
[PlyCount "97"]
[EventDate "2020.02.24"]
[EventType "swiss"]
[EventRounds "9"]
[EventCountry "SRB"]
[SourceTitle "CBM 195 Extra"]
[Source "ChessBase"]
[SourceDate "2020.05.31"]
[SourceVersion "1"]
[SourceVersionDate "2020.05.31"]
[SourceQuality "1"]

1. e4 d6 2. d4 Nf6 3. Nc3 c6 4. Bd3 e5 5. Nge2 Be7 6. 0-0 0-0 7. Kh1 b5 8. a3 a6 9. dxe5 dxe5 10. Ng3 Re8 11. f4 Bg4 12. Qe1 exf4 13. Bxf4 g6 14. Qf2 Be6 15. h3 Nbd7 16. e5 Nd5 17. Nce4 f5 18. exf6 N7xf6 19. Bh6 Nxe4 20. Nxe4 Bf8 21. Bg5 Be7 22. Qh4 Bf5 23. Rae1 Qd7 24. Bxe7 Rxe7 25. Nc5 Qd6 26. Bxf5 gxf5 27. Rxe7 Nxe7 28. b4 Ng6 29. Qg5 Rf8 30. Rxf5 Qd1+ 31. Kh2 Qd6+ 32. g3 Rxf5 33. Qxf5 Qd2+ 34. Kg1 Qc1+ 35. Kg2 Qd2+ 36. Qf2 Qd5+ 37. Kg1 Ne5 38. Qe2 Qd4+ 39. Kh2 a5 40. Ne4 a4 41. c3 Qc4 42. Nf6+ Kf7 43. Qxe5 Qa2+ 44. Kg1 Qxa3 45. Ne4 Qc1+ 46. Kg2 Qc2+ 47. Kf3 a3 48. Ng5+ Kg6 49. Qe6+ 1-0

[Event "Zuerich Easter op 2nd"]
[Site "Zuerich"]
[Date "2019.04.20"]
[Round "3"]
[White "Rosenkranz, Andree"]
[Black "Zakic, Srdjan"]
[Result "0-1"]
[WhiteElo "2040"]
[BlackElo "2362"]
[PlyCount "24"]
[EventDate "2019.04.19"]
[EventType "swiss"]
[EventRounds "7"]
[EventCountry "SUI"]
[SourceTitle "CBM 189 Extra"]
[Source "ChessBase"]
[SourceDate "2019.06.03"]
[SourceVersion "1"]
[SourceVersionDate "2019.06.03"]
[SourceQuality "1"]

1. d4 Nf6 2. c4 g6 3. Nc3 Bg7 4. e4 d6 5. Nge2 0-0 6. g3 c5 7. Bg2 Nc6 8. d5 Ne5 9. b3 Bg4 10. f4 Nf3+ 11. Kf2 Nd4 12. Be3 Bxe2 0-1

[Event "Palic Karadzic Memorial op"]
[Site "Palic"]
[Date "2016.10.30"]
[Round "3"]
[White "Zakic, Srdjan"]
[Black "Sedlak, Nikola"]
[Result "0-1"]
[WhiteElo "2346"]
[BlackElo "2518"]
[PlyCount "60"]
[EventDate "2016.10.29"]
[EventType "swiss"]
[EventRounds "9"]
[EventCountry "SRB"]
[SourceTitle "CBM 175 Extra"]
[Source "ChessBase"]
[SourceDate "2016.12.12"]
[SourceVersion "1"]
[SourceVersionDate "2016.12.12"]
[SourceQuality "1"]

1. e4 e6 2. d3 d5 3. Nd2 Nf6 4. Ngf3 Nc6 5. c3 Bd6 6. g3 dxe4 7. dxe4 e5 8. Bg2 a5 9. 0-0 Bc5 10. Qa4 0-0 11. b4 Bd6 12. b5 Nb8 13. Nc4 Nbd7 14. Nxd6 cxd6 15. Rd1 Nc5 16. Qc2 Qc7 17. Nh4 Bg4 18. Re1 Rac8 19. Nf5 Bxf5 20. exf5 d5 21. Ba3 Rfe8 22. Rad1 e4 23. Bf1 Ncd7 24. Qa4 Ne5 25. Be2 Qxc3 26. Bc1 Nf3+ 27. Bxf3 Qxf3 28. Be3 Qxf5 29. Qxa5 Qh3 30. b6 Ng4 0-1

[Event "Belp op"]
[Site "Belp"]
[Date "2015.05.24"]
[Round "4"]
[White "Drabke, Lorenz Maximilian"]
[Black "Zakic, Srdjan"]
[Result "1/2-1/2"]
[WhiteElo "2484"]
[BlackElo "2341"]
[PlyCount "120"]
[EventDate "2015.05.23"]
[EventType "swiss"]
[EventRounds "5"]
[EventCountry "SUI"]
[SourceTitle "EXT 2016"]
[Source "ChessBase"]
[SourceDate "2015.10.08"]
[SourceVersion "1"]
[SourceVersionDate "2015.10.08"]
[SourceQuality "1"]

1. e4 c5 2. Nf3 Nc6 3. Bb5 g6 4. Bxc6 bxc6 5. 0-0 Bg7 6. Re1 Rb8 7. c3 Nf6 8. b3 0-0 9. d4 cxd4 10. cxd4 d6 11. Bb2 Nd7 12. Qd2 a5 13. Nc3 Nb6 14. h3 a4 15. Nxa4 Nxa4 16. bxa4 Ra8 17. Qc2 Bd7 18. Bc3 c5 19. dxc5 Bxa4 20. Qb2 Rb8 21. Qa3 Bxc3 22. Qxc3 dxc5 23. Qxc5 Rb2 24. Re3 Qd7 25. Rc3 Rfb8 26. Qe3 Rd8 27. a3 Qb5 28. Re1 Kg7 29. h4 Ra2 30. Rc7 Qb2 31. Rxe7 Rxa3 32. Qg5 Ra2 33. Qg3 Kg8 34. h5 Bd1 35. hxg6 hxg6 36. Re3 Ra1 37. Kh2 Qh8+ 38. Qh3 Qf6 39. Qh4 Qxh4+ 40. Nxh4 Rd2 41. f4 Raa2 42. Rg3 Kf8 43. Rc7 Bc2 44. Nf3 Rf2 45. Rc4 Bd3 46. Rc8+ Kg7 47. e5 Bf1 48. Nh4 Rxf4 49. Kh3 Bc4 50. Rxc4 Rxc4 51. e6 Raa4 52. Nf5+ Kf6 53. exf7 Ra8 54. Nh4 g5 55. Rf3+ Kg7 56. Nf5+ Kf8 57. Kg3 Raa4 58. Nh6 Rh4 59. Rf6 Raf4 60. Rg6 Rxh6 1/2-1/2

[Event "SUI-ch HT"]
[Site "Bern"]
[Date "2014.10.02"]
[Round "7"]
[White "Zakic, Srdjan"]
[Black "Nuri, Kambez"]
[Result "0-1"]
[WhiteElo "2342"]
[BlackElo "2292"]
[PlyCount "80"]
[EventDate "2014.09.27"]
[EventType "swiss"]
[EventRounds "9"]
[EventCountry "SUI"]
[SourceTitle "EXT 2016"]
[Source "ChessBase"]
[SourceDate "2015.10.08"]
[SourceVersion "1"]
[SourceVersionDate "2015.10.08"]
[SourceQuality "1"]

1. e4 c5 2. Nf3 d6 3. Bb5+ Nd7 4. 0-0 a6 5. Bd3 g6 6. c3 Bg7 7. Bc2 d5 8. exd5 Nb6 9. d4 cxd4 10. Nxd4 Nf6 11. Nd2 0-0 12. N2f3 Nbxd5 13. Re1 Qc7 14. Bg5 b5 15. a4 b4 16. cxb4 Nxb4 17. Bb3 Bb7 18. Rc1 Qd6 19. Bh4 Ne4 20. Rc4 Rac8 21. Nc6 Nxc6 22. Rcxe4 Qxd1 23. Rxd1 Ne5 24. Re3 Nxf3+ 25. gxf3 e6 26. Be7 Rfe8 27. Ba3 Rcd8 28. Red3 Bf6 29. Kg2 Kg7 30. Rd7 Bc6 31. Ra7 Rxd1 32. Bxd1 Rd8 33. Bb3 Rd3 34. Bc2 Rxf3 35. Kg1 Bd4 36. Rxa6 Rxf2 37. Bd3 Rd2+ 38. Kf1 Bg2+ 39. Ke1 Rxd3 40. Ke2 Rb3 0-1

[Event "SUI-ch HT"]
[Site "Bern"]
[Date "2014.10.01"]
[Round "6"]
[White "Habibi, Ali"]
[Black "Zakic, Srdjan"]
[Result "0-1"]
[WhiteElo "2244"]
[BlackElo "2342"]
[PlyCount "78"]
[EventDate "2014.09.27"]
[EventType "swiss"]
[EventRounds "9"]
[EventCountry "SUI"]
[SourceTitle "EXT 2016"]
[Source "ChessBase"]
[SourceDate "2015.10.08"]
[SourceVersion "1"]
[SourceVersionDate "2015.10.08"]
[SourceQuality "1"]

1. Nf3 Nf6 2. c4 g6 3. Nc3 Bg7 4. d4 0-0 5. h3 d5 6. e3 c5 7. Be2 Nc6 8. 0-0 Bf5 9. g4 Be6 10. dxc5 dxc4 11. Qxd8 Rfxd8 12. Ng5 Ne5 13. Nxe6 fxe6 14. Nb5 Rac8 15. Nd4 Kf7 16. b4 Ne4 17. Ba3 Nc3 18. Kg2 Nd3 19. Bxd3 cxd3 20. Rac1 Ne2 21. Nxe2 dxe2 22. Rfe1 Rd3 23. Rxe2 Rxa3 24. Rc4 a6 25. Rd2 Ke8 26. g5 Rd8 27. Rdc2 Rdd3 28. Re4 Kd7 29. Rh4 Rd5 30. Rg4 Rc3 31. Re2 Rcd3 32. e4 R5d4 33. Rh4 Rd2 34. Re3 Rxb4 35. Rxh7 Bd4 36. Rf3 Bxc5 37. Rg7 Rxe4 38. Rxg6 Ree2 39. Rh6 Bxf2 0-1

[Event "SUI-ch HT"]
[Site "Bern"]
[Date "2014.09.30"]
[Round "5"]
[White "Zakic, Srdjan"]
[Black "Toenz, Arthur"]
[Result "1-0"]
[WhiteElo "2342"]
[BlackElo "1954"]
[PlyCount "107"]
[EventDate "2014.09.27"]
[EventType "swiss"]
[EventRounds "9"]
[EventCountry "SUI"]
[SourceTitle "EXT 2016"]
[Source "ChessBase"]
[SourceDate "2015.10.08"]
[SourceVersion "1"]
[SourceVersionDate "2015.10.08"]
[SourceQuality "1"]

1. e4 g6 2. d4 Bg7 3. Nc3 c5 4. dxc5 Bxc3+ 5. bxc3 Qa5 6. Qd4 Nf6 7. Qb4 Qxb4 8. cxb4 Nxe4 9. Bd3 d5 10. cxd6 Nxd6 11. Bb2 0-0 12. Nf3 Bf5 13. Bxf5 Nxf5 14. 0-0 Nc6 15. a3 b5 16. c4 bxc4 17. Rac1 Nd6 18. Nd2 Rac8 19. Nxc4 Nxb4 20. Nxd6 Rxc1 21. Bxc1 exd6 22. axb4 Rd8 23. Be3 Rb8 24. Rb1 a6 25. Kf1 Rb5 26. Ra1 Rxb4 27. Rxa6 d5 28. Rd6 Rb5 29. Bh6 f5 30. Rf6 Rb8 31. Ke2 d4 32. Kd3 Rd8 33. h4 Ra8 34. f3 Ra3+ 35. Kxd4 Ra4+ 36. Ke3 Ra3+ 37. Kf4 Ra4+ 38. Kg3 Ra8 39. h5 gxh5 40. Kh4 f4 41. Rxf4 Re8 42. Rf5 Rc8 43. Kxh5 Ra8 44. g4 Rc8 45. Rg5+ Kh8 46. Rd5 Kg8 47. f4 Ra8 48. Rd7 Ra5+ 49. f5 Ra8 50. Be3 Ra3 51. Bc5 Rh3+ 52. Kg5 Rc3 53. Rd8+ Kg7 54. Bd4+ 1-0

[Event "Lugano New op 8th"]
[Site "Lugano"]
[Date "2014.04.20"]
[Round "4"]
[White "Zakic, Srdjan"]
[Black "Boschetti, Claudio"]
[Result "1/2-1/2"]
[WhiteElo "2345"]
[BlackElo "2090"]
[PlyCount "112"]
[EventDate "2014.04.18"]
[EventType "swiss"]
[EventRounds "6"]
[EventCountry "SUI"]
[SourceTitle "CBM 159 Extra"]
[Source "ChessBase"]
[SourceDate "2014.04.24"]
[SourceVersion "1"]
[SourceVersionDate "2014.04.24"]
[SourceQuality "1"]

1. e4 e5 2. Nf3 Nc6 3. Bb5 a6 4. Ba4 Nf6 5. d3 b5 6. Bb3 Be7 7. 0-0 0-0 8. Nc3 d6 9. a3 Bg4 10. Ne2 Be6 11. Bxe6 fxe6 12. Ng3 d5 13. Re1 Nd7 14. c3 d4 15. Qc2 Rb8 16. b4 Rxf3 17. gxf3 dxc3 18. Qxc3 Nd4 19. Kg2 c5 20. Be3 cxb4 21. axb4 Rc8 22. Qa3 Nc2 23. Qxa6 Nxe1+ 24. Rxe1 Nf8 25. Qxb5 Rb8 26. Qxe5 Rxb4 27. Nh5 Bf6 28. Nxf6+ gxf6 29. Qc3 Rb7 30. Rc1 Rd7 31. d4 Qe8 32. Kh1 Qh5 33. Bf4 Kf7 34. Bg3 Qh3 35. Qc5 Ng6 36. Kg1 Ne7 37. Ra1 f5 38. exf5 Qxf5 39. Kg2 Rd5 40. Qa7 Qf6 41. Ra4 Kg6 42. Qa8 Kh6 43. Qe8 Ng6 44. Ra6 Rg5 45. Kf1 Qxf3 46. Rxe6 Qd1+ 47. Kg2 Qxd4 48. h4 Rg4 49. Qf8+ Kh5 50. Qf5+ Kh6 51. h5 Rg5 52. Qf7 Qd5+ 53. Kg1 Qd1+ 54. Kg2 Qd5+ 55. Kg1 Qd1+ 56. Kg2 Qd5+ 1/2-1/2

[Event "SRB-chT"]
[Site "Valjevo"]
[Date "2012.09.25"]
[Round "9.3"]
[White "Arsovic, Zoran"]
[Black "Zakic, Srdjan"]
[Result "0-1"]
[WhiteElo "2434"]
[BlackElo "2357"]
[PlyCount "124"]
[EventDate "2012.09.17"]
[EventType "team-tourn"]
[EventRounds "11"]
[EventCountry "SRB"]
[SourceTitle "CBM 150 Extra"]
[Source "ChessBase"]
[SourceDate "2012.10.19"]
[SourceVersion "1"]
[SourceVersionDate "2012.10.19"]
[SourceQuality "1"]
[WhiteTeam "Belgrade Lasta"]
[BlackTeam "Belgrade Crvena Zvezda"]
[WhiteTeamCountry "SRB"]
[BlackTeamCountry "SRB"]

1. Nf3 d6 2. d4 Nf6 3. c4 g6 4. Nc3 Bg7 5. e4 0-0 6. Be2 e5 7. Be3 exd4 8. Nxd4 Re8 9. f3 c6 10. Bf2 d5 11. exd5 cxd5 12. 0-0 Nc6 13. c5 Bf8 14. Kh1 Bd7 15. a3 Nh5 16. Qd2 Bg7 17. Rfd1 Be5 18. g3 Ng7 19. Ncb5 Nf5 20. Bf1 Na5 21. Nxf5 Bxf5 22. Nd4 Nc4 23. Qb4 Bxd4 24. Bxd4 Ne3 25. Qc3 Nxd1 26. Rxd1 Qe7 27. Bb5 Bd7 28. Bh8 f6 29. Bxf6 Qe6 30. Bf1 Qe3 31. Bc4 Bc6 32. Rxd5 Qxc3 33. Bxc3 Kf8 34. Rd3 Rad8 35. Bd4 Re2 36. Kg1 Re7 37. Bg7+ Kxg7 38. Rxd8 Bxf3 39. Kf2 Bc6 40. Rd4 Re5 41. b4 a6 42. Rd6 Rf5+ 43. Ke2 Bg2 44. Be6 Re5+ 45. Kd2 Kh6 46. Bc4 a5 47. Rd7 axb4 48. axb4 Re4 49. Kc3 Re3+ 50. Bd3 Bc6 51. Rd4 Rf3 52. Kc4 Rf2 53. b5 Bg2 54. Rh4+ Kg7 55. Be4 Bf1+ 56. Bd3 Rc2+ 57. Kd4 Rd2 58. c6 Rxd3+ 59. Kc5 bxc6 60. b6 Rb3 61. Rd4 Rb5+ 62. Kxc6 Rb2 0-1

[Event "SRB-chT"]
[Site "Valjevo"]
[Date "2012.09.24"]
[Round "8.3"]
[White "Zakic, Srdjan"]
[Black "Abramovic, Bosko"]
[Result "1/2-1/2"]
[WhiteElo "2357"]
[BlackElo "2447"]
[PlyCount "98"]
[EventDate "2012.09.17"]
[EventType "team-tourn"]
[EventRounds "11"]
[EventCountry "SRB"]
[SourceTitle "CBM 150 Extra"]
[Source "ChessBase"]
[SourceDate "2012.10.19"]
[SourceVersion "1"]
[SourceVersionDate "2012.10.19"]
[SourceQuality "1"]
[WhiteTeam "Belgrade Crvena Zvezda"]
[BlackTeam "Valjevo"]
[WhiteTeamCountry "SRB"]
[BlackTeamCountry "SRB"]

1. e4 e5 2. Nf3 Nc6 3. Bb5 a6 4. Ba4 Nf6 5. Qe2 b5 6. Bb3 Be7 7. d4 d6 8. dxe5 dxe5 9. 0-0 Bg4 10. c3 0-0 11. h3 Bxf3 12. Qxf3 Na5 13. Bc2 c5 14. Nd2 Nd7 15. Rd1 Bg5 16. Nf1 Bxc1 17. Raxc1 Qc7 18. Ne3 Nb6 19. Nd5 Nxd5 20. exd5 Qd6 21. Re1 g6 22. b3 Rad8 23. Rcd1 f5 24. g4 e4 25. Qg2 Kh8 26. f3 Qe5 27. fxe4 f4 28. Qf3 Nb7 29. d6 Rxd6 30. Rxd6 Nxd6 31. Rd1 Nf7 32. Rd5 Qf6 33. e5 Nxe5 34. Qe4 Nf7 35. Rxc5 Ng5 36. Qd3 Rd8 37. Rd5 Rxd5 38. Qxd5 Nxh3+ 39. Kf1 Kg7 40. c4 bxc4 41. bxc4 Qc3 42. g5 Qa1+ 43. Ke2 Qc3 44. Qd7+ Kf8 45. Qd6+ Kf7 46. Qd7+ Kf8 47. Qd8+ Kf7 48. Qd7+ Kf8 49. Qd6+ Kf7 1/2-1/2

[Event "SRB-chT"]
[Site "Valjevo"]
[Date "2012.09.20"]
[Round "4.5"]
[White "Rogac, Srdjan"]
[Black "Zakic, Srdjan"]
[Result "1-0"]
[WhiteElo "2313"]
[BlackElo "2357"]
[PlyCount "129"]
[EventDate "2012.09.17"]
[EventType "team-tourn"]
[EventRounds "11"]
[EventCountry "SRB"]
[SourceTitle "CBM 150 Extra"]
[Source "ChessBase"]
[SourceDate "2012.10.19"]
[SourceVersion "1"]
[SourceVersionDate "2012.10.19"]
[SourceQuality "1"]
[WhiteTeam "Kac Jugovic"]
[BlackTeam "Belgrade Crvena Zvezda"]
[WhiteTeamCountry "SRB"]
[BlackTeamCountry "SRB"]

1. e4 c5 2. c3 Nf6 3. e5 Nd5 4. g3 d6 5. exd6 e6 6. Bg2 Bxd6 7. Nf3 Nc6 8. 0-0 0-0 9. d4 cxd4 10. Nxd4 Nxd4 11. Qxd4 Qc7 12. Nd2 Bd7 13. Ne4 Be5 14. Qd3 Rac8 15. Ng5 g6 16. Re1 Rfd8 17. Qe2 Bg7 18. h4 a6 19. h5 Bb5 20. Qe4 h6 21. Nf3 Nf6 22. Qh4 Nxh5 23. Be3 Bc6 24. a4 Bd5 25. Bd4 Bxd4 26. Nxd4 Bxg2 27. Kxg2 Rd5 28. Qe4 Rcd8 29. Nf3 Qc6 30. Ne5 Qc5 31. Re2 Nf6 32. Qf4 Kg7 33. Rae1 g5 34. Qf3 Qe7 35. Nc4 b5 36. Ne3 g4 37. Qf4 Rg5 38. Qxg5+ hxg5 39. Nf5+ Kf8 40. Nxe7 Kxe7 41. axb5 axb5 42. Re5 Rd5 43. Rxd5 Nxd5 44. Re4 f5 45. Rd4 Kd6 46. c4 bxc4 47. Rxc4 e5 48. b4 Nc7 49. Kf1 Nb5 50. Ke2 Nd4+ 51. Kd3 Kd5 52. Rxd4+ exd4 53. b5 f4 54. b6 fxg3 55. fxg3 Kc6 56. Kxd4 Kxb6 57. Ke5 Kc6 58. Kf5 Kd7 59. Kxg4 Ke7 60. Kxg5 Kf7 61. Kh6 Kf6 62. g4 Kf7 63. g5 Kg8 64. Kg6 Kh8 65. Kf7 1-0

[Event "SRB-chT"]
[Site "Valjevo"]
[Date "2012.09.17"]
[Round "1.1"]
[White "Zakic, Srdjan"]
[Black "Kostic, Milutin B"]
[Result "1/2-1/2"]
[WhiteElo "2357"]
[BlackElo "2257"]
[PlyCount "68"]
[EventDate "2012.09.17"]
[EventType "team-tourn"]
[EventRounds "11"]
[EventCountry "SRB"]
[SourceTitle "CBM 150 Extra"]
[Source "ChessBase"]
[SourceDate "2012.10.19"]
[SourceVersion "1"]
[SourceVersionDate "2012.10.19"]
[SourceQuality "1"]
[WhiteTeam "Belgrade Crvena Zvezda"]
[BlackTeam "Belgrade Romanticari"]
[WhiteTeamCountry "SRB"]
[BlackTeamCountry "SRB"]

1. e4 c6 2. Nc3 d5 3. Nf3 Bg4 4. h3 Bxf3 5. Qxf3 Nf6 6. g4 Nxe4 7. Nxe4 dxe4 8. Qxe4 Qd5 9. Bg2 e6 10. d4 Bd6 11. 0-0 Qxe4 12. Bxe4 Nd7 13. c4 0-0 14. g5 a5 15. Be3 Rfe8 16. a3 Bf8 17. b4 Nb6 18. b5 Rac8 19. bxc6 bxc6 20. c5 Nc4 21. Bf4 e5 22. dxe5 Nxe5 23. Rfc1 Ng6 24. Bxg6 hxg6 25. Rab1 Re4 26. Be3 Ra4 27. Rc3 Be7 28. Rb7 Re4 29. Rd3 f5 30. Rdd7 Re8 31. Rbc7 Re6 32. Bf4 Bxc5 33. Rxg7+ Kh8 34. Rh7+ Kg8 1/2-1/2

[Event "Belgrade-chT"]
[Site "Belgrade"]
[Date "2011.10.11"]
[Round "10.5"]
[White "Zakic, Srdjan"]
[Black "Lukovic, Vladimir"]
[Result "0-1"]
[WhiteElo "2360"]
[BlackElo "2278"]
[PlyCount "104"]
[EventDate "2011.10.01"]
[EventType "team-tourn"]
[EventRounds "11"]
[EventCountry "SRB"]
[SourceTitle "CBM 144 Extra"]
[Source "ChessBase"]
[SourceDate "2011.10.28"]
[SourceVersion "1"]
[SourceVersionDate "2011.10.28"]
[SourceQuality "1"]
[WhiteTeam "Borac"]
[BlackTeam "Delfin"]
[WhiteTeamCountry "YUG"]
[BlackTeamCountry "YUG"]

1. e4 e5 2. Nf3 Nc6 3. d3 Nf6 4. c3 d5 5. Qc2 h6 6. Be2 g6 7. 0-0 Bg7 8. b4 a6 9. Bb2 0-0 10. a4 Re8 11. Nbd2 Nb8 12. Rfe1 Nbd7 13. Bf1 b6 14. exd5 Nxd5 15. Qb3 Ne7 16. c4 Nf5 17. g3 Bb7 18. a5 bxa5 19. Rxa5 c5 20. Bc3 Qc7 21. bxc5 Bf8 22. Ne4 Bxe4 23. dxe4 Nd4 24. Qd1 Bxc5 25. Bh3 Red8 26. Nxd4 Bxd4 27. Bd2 Nb6 28. Qe2 Nxc4 29. Rc1 Bxf2+ 30. Qxf2 Rxd2 31. Qxd2 Qxa5 32. Qd5 Qxd5 33. exd5 Nd6 34. Rc6 Rd8 35. Rxa6 Nc4 36. Rc6 Na5 37. Rc5 Nb3 38. Rb5 Nd4 39. Rc5 f5 40. Bf1 Kg7 41. Bc4 g5 42. Kf2 f4 43. Rc7+ Kf6 44. Rh7 e4 45. Rxh6+ Kf5 46. gxf4 gxf4 47. Rh5+ Kg4 48. Re5 e3+ 49. Kg2 f3+ 50. Kf1 Kf4 51. Re7 Rc8 52. Rf7+ Nf5 0-1

[Event "Belgrade-chT"]
[Site "Belgrade"]
[Date "2011.10.03"]
[Round "3.6"]
[White "Vrbljanac, Aleksandar"]
[Black "Zakic, Srdjan"]
[Result "1/2-1/2"]
[WhiteElo "2274"]
[BlackElo "2360"]
[PlyCount "34"]
[EventDate "2011.10.01"]
[EventType "team-tourn"]
[EventRounds "11"]
[EventCountry "SRB"]
[SourceTitle "CBM 144 Extra"]
[Source "ChessBase"]
[SourceDate "2011.10.28"]
[SourceVersion "1"]
[SourceVersionDate "2011.10.28"]
[SourceQuality "1"]
[WhiteTeam "Bogoslov"]
[BlackTeam "Borac"]
[WhiteTeamCountry "YUG"]
[BlackTeamCountry "YUG"]

1. d4 Nf6 2. c4 g6 3. Nc3 Bg7 4. e4 d6 5. Be2 0-0 6. Nf3 Na6 7. 0-0 e5 8. Re1 c6 9. Bf1 Bg4 10. d5 c5 11. Rb1 Nh5 12. a3 Qf6 13. Bg5 Bxf3 14. Bxf6 Bxd1 15. Bxg7 Nxg7 16. Rexd1 f5 17. f3 Ne8 1/2-1/2

[Event "SRB-chT"]
[Site "Belgrade"]
[Date "2010.10.08"]
[Round "8"]
[White "Zakic, Srdjan"]
[Black "Vrbljanac, Aleksandar"]
[Result "1/2-1/2"]
[WhiteElo "2349"]
[BlackElo "2264"]
[PlyCount "23"]
[EventDate "2010.10.01"]
[EventType "team-tourn"]
[EventRounds "11"]
[EventCountry "YUG"]
[SourceTitle "CBM 138 Extra"]
[Source "ChessBase"]
[SourceDate "2010.10.29"]
[SourceVersion "1"]
[SourceVersionDate "2010.10.29"]
[SourceQuality "1"]

1. e4 c5 2. b3 Nc6 3. Bb2 d6 4. f4 Nf6 5. e5 Nd5 6. Qf3 dxe5 7. fxe5 Be6 8. Bb5 Qb6 9. Na3 g6 10. h4 h5 11. Nh3 Bh6 12. Nf2 1/2-1/2